Chansons les plus streamées : Francis Cabrel - Statistiques

Statistiques générales
  • Ce quiz a été pris 259 fois
  • Le résultat moyen est 7 sur 10
Statistiques - réponses
Nb de streams Chanson % Correct
60 000 000 La corrida
88%
51 500 000 Petite Marie
86%
121 500 000 Je l'aime à mourir
84%
18 500 000 La Quiero a Morir
84%
75 000 000 Je t'aimais, je t'aime, je t'aimerai
74%
59 500 000 Encore et encore
66%
42 000 000 L'encre de tes yeux
58%
31 500 000 Les murs de poussière
46%
21 500 000 Octobre
45%
22 000 000 C'est écrit
28%
Aucun quiz correspondant
Distribution des résultats
% des personnes avec chaque résultat
Percentile par nombre de réponses
Votre historique - résultats
Vous n’avez pas pris ce quiz